000
00311nam a2200121 a 4500
005
20140414132117.0
008
111026s19uu xx 00 eng d
050
_a
ER
_b
M45 2011
100
_a
Mayer, Mercer
245
_a
A green, green garden.
260
_a
New York :
_b
Harper Collins,
_c
2011.
999
_c
114935
_d
114935